British Patriotic Song - Rule Britannia! - Statistics

General Stats
  • This quiz has been taken 3 times
  • The average score is 124 of 182
Answer Stats
Lyrics % Correct
be
100%
Britannia!
100%
Britannia
100%
never,
100%
never
100%
Rule,
100%
rule
100%
Rule
100%
shall
100%
Shall
100%
slaves.
100%
the
100%
The
100%
waves!
100%
And
67%
As
67%
at
67%
Britain
67%
Britons
67%
charter,
67%
charter
67%
command
67%
first,
67%
land,
67%
of
67%
sang
67%
This
67%
this
67%
thy
67%
was
67%
When
67%
angels
33%
Arose
33%
Arose,
33%
arose
33%
azure
33%
beauty
33%
blast,
33%
blast
33%
Blest
33%
but
33%
crowned,
33%
dreadful
33%
dreadful,
33%
each
33%
fair.
33%
foreign
33%
found,
33%
freedom
33%
from
33%
guard
33%
guardian
33%
happy
33%
happy,
33%
hearts
33%
Heaven's
33%
isle!
33%
loud
33%
main;
33%
majestic
33%
manly
33%
matchless,
33%
matchless
33%
more
33%
More
33%
Muses,
33%
native
33%
oak.
33%
out
33%
repair.
33%
rise,
33%
root
33%
Serves
33%
shalt
33%
skies
33%
Still
33%
still
33%
strain:
33%
stroke,
33%
tears
33%
that
33%
thou
33%
to
33%
with
33%
coasts
0%
No matching quizzes found
Score Distribution
Percent of People with Each Score
Percentile by Number Answered
Your Score History
You have not taken this quiz